Statistics for Countries Closest to Jamaica by first two letters

Click here to take the quiz!

General Stats

  • This quiz has been taken 175 times
  • The average score is 15 of 20

Answer Stats

kmcountrymiles% Correct
146Cuba91
95%
973Curaçao605
95%
448Dominican Republic279
91%
188Haiti117
91%
416Bahamas258
88%
766Colombia476
87%
995Costa Rica618
87%
755United States469
86%
1087Guatemala676
85%
916Mexico569
84%
927Panama576
84%
999Belize621
82%
1115El Salvador693
80%
624Honduras388
80%
624Nicaragua388
77%
832Venezuela517
69%
1414St Kitts and Nevis879
67%
1515Antigua and Barbuda941
59%
883Aruba548
37%
1381Sint Maarten858
18%

Score Distribution

Percentile by Number Answered

Percent of People with Each Score

Your Score History

You have not taken this quiz